How to win friends and influence people
| Main Author: | |
|---|---|
| Format: | Book |
| Published: |
Selangor :
Crescent News ,
2006
|
| Edition: | 1st ed. |
| Subjects: |
MARC
| LEADER | 00000cam a2200000 7i4500 | ||
|---|---|---|---|
| 001 | 0000034895 | ||
| 005 | 20150201.0 | ||
| 008 | 130103 | ||
| 020 | |a 9830616495 | ||
| 090 | 0 | 0 | |a 158.1 |b CAR |
| 100 | 1 | |a Carnegie, Dale | |
| 245 | 1 | 0 | |a How to win friends and influence people |c Dale Carnegie |
| 250 | |a 1st ed. | ||
| 260 | |a Selangor : |b Crescent News , |c 2006 | ||
| 650 | 0 | |a Interpersonal relations | |
| 999 | |a 0001153198 |b Book |c Adult Collection |e Perbadanan Perpustakaan Awam Johor | ||